00955pam a2200253 a 450000100060000000300080000600500170001400800410003103500200007204000320009204100080012408200240013224500700015626001090022630000340033550400190036965000460038865100630043470000280049774000210052594200120054699900170055895201260057517670BD-RjUL20211209000156.0140217s1988 dcua f001 0 eng d a(BD-RjUL) 17728 aDLCcDLCdDLCdBD-RjULbeng aeng00a810.8219bNIN 198802aA Nineteenth-century American reader /cedited by M. Thomas Inge. aWashington, D.C. :bPublished by the U.S. Information Agency, Division for the Study of the U.S.,c1988. axvi, 579 p. :bill. ;c23 cm. aIncludes Index 0aAmerican literaturey19th century.954469 0aUnited StatesxCivilizationy19th centuryxSources.9544701 aInge, M. Thomas.9544710 aAmerican reader. 2ddccBK c17670d17670 00102ddc40718NFICaRUCLbRUCLcReadingd1996-11-30eGiftl0o810.8 NIN 1988r2014-02-17 00:00:00tC-1w2014-02-17yBK